书目信息 |
| 题名: |
中国广播发轫史稿
|
|
| 作者: | 陈尔泰 著 | |
| 分册: | ||
| 出版信息: | 北京 中国广播电视出版社 2008 |
|
| 页数: | 242页 | |
| 开本: | 23cm | |
| 丛书名: | ||
| 单 册: | ||
| 中图分类: | G229.29 | |
| 科图分类: | ||
| 主题词: | 广播事业--新闻事业史--中国 , 广播事业 , 新闻事业史 | |
| 电子资源: | ||
| ISBN: | 978-7-5043-5498-3 | |
| 000 | 00865nam0 2200253 45 | |
| 001 | 1130704702 | |
| 005 | 20110310092447.53 | |
| 010 | @a978-7-5043-5498-3@dCNY31.00 | |
| 100 | @a20110121d2008 em y0chiy50 ea | |
| 101 | 0 | @achi |
| 102 | @aCN@b110000 | |
| 105 | @aa z 000yy | |
| 106 | @ar | |
| 200 | 1 | @a中国广播发轫史稿@AZhong Guo Guang Bo Fa Ren Shi Gao@f陈尔泰著@FChen Er Tai Zhu |
| 210 | @a北京@c中国广播电视出版社@d2008 | |
| 215 | @a242页@c图,照片@d23cm | |
| 330 | @a本书内容包括:中国广播的发祥、20世纪20年代中国的广播电台、历史上不曾有过的声音——广播、广播节目声音的流布与分步、广播节目形象、广播节目形态等。 | |
| 606 | 0 | @a广播事业@x新闻事业史@y中国 |
| 606 | 0 | @a广播事业 |
| 606 | 0 | @a新闻事业史 |
| 690 | @aG229.29@v4 | |
| 701 | 0 | @a陈尔泰@AChen Er Tai@f(1938~)@4著 |
| 801 | 0 | @aCN@bTANGWEI@c20110310 |
| 905 | @b0531486-89@dG229.29@e126@f4 | |
| 中国广播发轫史稿/陈尔泰著.-北京:中国广播电视出版社,2008 |
| 242页:图,照片;23cm |
| ISBN 978-7-5043-5498-3:CNY31.00 |
| 本书内容包括:中国广播的发祥、20世纪20年代中国的广播电台、历史上不曾有过的声音——广播、广播节目声音的流布与分步、广播节目形象、广播节目形态等。 |
| ● |
| 相关链接 |
|
|
|
|
正题名:中国广播发轫史稿
索取号:G229.29/126
 
预约/预借
| 序号 | 登录号 | 条形码 | 馆藏地/架位号 | 状态 | 备注 |
| 1 | 0531486 | 205314863 | 第一样本阅览室/ [索取号:G229.29/126] | 在馆 | |
| 2 | 0531487 | 205314872 | 第四借阅区/ [索取号:G229.29/126] | 在馆 | |
| 3 | 0531488 | 205314881 | 第四借阅区/ [索取号:G229.29/126] | 在馆 | |
| 4 | 0531489 | 205314890 | 中文系资料室/ [索取号:G229.29/126] | 在馆 |